00346nam a2200133 a 450000500170000000800410001702000180005805000170007624500200009326000530011330000170016644000110018365000180019420140412111229.0001113s19uu xx 00 eng d a1-55723-020-X aERbOn2 1990 a101 Dalmatians. aBurbank, CA :bDisny Audio Entertainment,c1990. a24 p. ; ill. aDisney aDogsxFiction